[Event "GER-ch U25-C"]
[Site "Willingen"]
[Date "2019.06.14"]
[Round "8"]
[White "Zhang, Yibo"]
[Black "Fink, Anton"]
[Result "0-1"]
[WhiteElo "1302"]
[BlackElo "1478"]
[PlyCount "108"]
[EventDate "2019.06.08"]
[EventType "swiss"]
[EventRounds "9"]
[EventCountry "GER"]
[SourceTitle "CBM 191 Extra"]
[Source "ChessBase"]
[SourceDate "2019.09.30"]
[SourceVersion "1"]
[SourceVersionDate "2019.09.30"]
[SourceQuality "1"]

1. e4 e5 2. Nf3 Nc6 3. Bc4 Bc5 4. c3 Nf6 5. d3 d6 6. Be3 Bb6 7. 0-0 Bg4 8. Nbd2 h6 9. Bb3 0-0 10. Re1 Re8 11. Nf1 d5 12. exd5 Nxd5 13. Ng3 Nxe3 14. fxe3 Qd7 15. Bc2 Rad8 16. Qe2 Kh8 17. h3 Bxf3 18. Qxf3 Qe7 19. Qe4 g6 20. Qf3 Kg7 21. Qg4 Qg5 22. Qf3 f5 23. Rad1 e4 24. dxe4 Rxd1 25. Bxd1 Ne5 26. Qf2 Nd3 27. Qe2 Qxg3 28. Rf1 Qxe3+ 29. Qxe3 Bxe3+ 30. Kh2 fxe4 31. b3 Rf8 32. Rh1 Nf2 33. Rf1 Ng4+ 34. Bxg4 Rxf1 35. Bc8 Bg1+ 36. Kg3 e3 37. Bg4 Rf2 38. a4 e2 39. Bxe2 Rxe2 40. Kf3 Re3+ 41. Kf4 Rxc3 42. Ke5 Rxb3 43. Ke6 c5 44. Kd5 Rb4 45. a5 c4 46. Ke4 Rb1 47. Kf3 c3 48. Ke4 c2 49. Ke5 c1Q 50. Ke4 Qc5 51. Kd3 Rb4 52. Ke2 Qe3+ 53. Kd1 Rb2 54. g3 Qd2# 0-1

[Event "Niedersachsen-ch op B"]
[Site "Verden"]
[Date "2019.01.06"]
[Round "7"]
[White "Fink, Anton"]
[Black "Frese, Immo"]
[Result "0-1"]
[WhiteElo "1479"]
[BlackElo "1728"]
[PlyCount "130"]
[EventDate "2019.01.03"]
[EventType "swiss"]
[EventRounds "7"]
[EventCountry "GER"]
[SourceTitle "EXT 2022"]
[Source "ChessBase"]
[SourceDate "2021.10.06"]
[SourceVersion "1"]
[SourceVersionDate "2021.10.06"]
[SourceQuality "1"]

1. e4 e6 2. Nf3 d5 3. exd5 exd5 4. d4 Bd6 5. Nc3 Ne7 6. Bd3 c6 7. 0-0 0-0 8. Ne2 Bf5 9. Bxf5 Nxf5 10. Qd3 Nh4 11. Ng5 Ng6 12. Ng3 h6 13. Nf3 Nd7 14. Bd2 Re8 15. Rfe1 Qc7 16. Re2 Rxe2 17. Qxe2 Nf6 18. Re1 Re8 19. Qd3 Rxe1+ 20. Nxe1 Bf4 21. Bxf4 Qxf4 22. Qe3 Qc7 23. Nf3 a5 24. a3 b6 25. h3 c5 26. c3 a4 27. Ne2 Ne4 28. Ne5 Nxe5 29. dxe5 Qxe5 30. f3 Qg5 31. Qd3 Qd2 32. Qa6 Qe1+ 33. Kh2 Nf6 34. Ng3 Qe5 35. Qxa4 d4 36. cxd4 cxd4 37. Qb3 Nh5 38. f4 Qxf4 39. Qf3 Qxf3 40. gxf3 Nf4 41. Nf1 Kf8 42. Kg3 g5 43. h4 f5 44. hxg5 hxg5 45. a4 Ke7 46. Nd2 Kd6 47. b3 Kc5 48. Nc4 b5 49. axb5 Kxb5 50. Nd6+ Kb4 51. Nxf5 d3 52. Ne3 Kxb3 53. Kg4 Ne6 54. Kf5 Nd4+ 55. Kxg5 Nxf3+ 56. Kf4 Ne1 57. Ke4 d2 58. Kd5 Ng2 59. Nd1 Kc2 60. Nf2 Ne3+ 61. Ke4 Nd1 62. Ng4 Nc3+ 63. Ke5 Kc1 64. Ne3 Nb5 65. Ke4 Nd6+ 0-1

[Event "Niedersachsen-ch op B"]
[Site "Verden"]
[Date "2019.01.05"]
[Round "6"]
[White "Jungmann, Oleg"]
[Black "Fink, Anton"]
[Result "1/2-1/2"]
[WhiteElo "1415"]
[BlackElo "1479"]
[PlyCount "58"]
[EventDate "2019.01.03"]
[EventType "swiss"]
[EventRounds "7"]
[EventCountry "GER"]
[SourceTitle "EXT 2022"]
[Source "ChessBase"]
[SourceDate "2021.10.06"]
[SourceVersion "1"]
[SourceVersionDate "2021.10.06"]
[SourceQuality "1"]

1. c4 e5 2. Nc3 Nc6 3. g3 Nf6 4. Bg2 Bc5 5. e3 d6 6. Nge2 Qe7 7. a3 Bg4 8. 0-0 0-0 9. b4 Bb6 10. Qc2 a6 11. Bb2 Rfe8 12. Rfe1 Nd8 13. Nd5 Nxd5 14. cxd5 Qd7 15. Rac1 a5 16. d4 Bxe2 17. Rxe2 exd4 18. Bxd4 Bxd4 19. exd4 Rxe2 20. Qxe2 g6 21. b5 b6 22. a4 f6 23. Re1 Kf8 24. Qe3 Rb8 25. Qh6+ Kg8 26. Bh3 f5 27. Bxf5 gxf5 28. Qg5+ Kf8 29. Qh6+ Kg8 1/2-1/2

[Event "Niedersachsen-ch op B"]
[Site "Verden"]
[Date "2019.01.04"]
[Round "3"]
[White "Schulze, Lukas"]
[Black "Fink, Anton"]
[Result "1/2-1/2"]
[WhiteElo "1501"]
[BlackElo "1479"]
[PlyCount "83"]
[EventDate "2019.01.03"]
[EventType "swiss"]
[EventRounds "7"]
[EventCountry "GER"]
[SourceTitle "EXT 2022"]
[Source "ChessBase"]
[SourceDate "2021.10.06"]
[SourceVersion "1"]
[SourceVersionDate "2021.10.06"]
[SourceQuality "1"]

1. Nf3 Nc6 2. d4 d5 3. c4 dxc4 4. Na3 Bg4 5. e3 e6 6. Nxc4 Nf6 7. g3 e5 8. Bg2 e4 9. 0-0 exf3 10. Bxf3 Bxf3 11. Qxf3 Qd5 12. Qe2 0-0-0 13. Rb1 h5 14. Bd2 h4 15. b4 hxg3 16. fxg3 Ne4 17. b5 Nxd2 18. Nxd2 Na5 19. Rfc1 Bd6 20. a4 Kb8 21. Nf3 Rde8 22. Rc2 Qe4 23. Kf2 g5 24. Rbc1 Qf5 25. Kg2 Qh3+ 26. Kg1 Qe6 27. Nxg5 Qe7 28. Nf3 Qxe3+ 29. Qxe3 Rxe3 30. Ng5 Re7 31. Rf1 Nb3 32. Nxf7 Rf8 33. Nxd6 Rxf1+ 34. Kxf1 cxd6 35. d5 Re5 36. h4 Rxd5 37. Rh2 Rd1+ 38. Kf2 Nd4 39. Ke3 Nf5+ 40. Kf4 Rf1+ 41. Kg4 d5 42. h5 1/2-1/2

[Event "Niedersachsen-ch op B"]
[Site "Verden"]
[Date "2019.01.03"]
[Round "1"]
[White "Lau, Robert1"]
[Black "Fink, Anton"]
[Result "1-0"]
[WhiteElo "1503"]
[BlackElo "1479"]
[PlyCount "91"]
[EventDate "2019.01.03"]
[EventType "swiss"]
[EventRounds "7"]
[EventCountry "GER"]
[SourceTitle "EXT 2022"]
[Source "ChessBase"]
[SourceDate "2021.10.06"]
[SourceVersion "1"]
[SourceVersionDate "2021.10.06"]
[SourceQuality "1"]

1. e4 e5 2. Bc4 Nf6 3. Nf3 Nc6 4. Ng5 d5 5. exd5 Na5 6. Bb5+ Bd7 7. Qe2 Bd6 8. 0-0 0-0 9. Bxd7 Qxd7 10. c4 Qf5 11. d3 h6 12. Nf3 e4 13. dxe4 Qxe4 14. Qxe4 Nxe4 15. b3 b6 16. Bb2 Nb7 17. Nbd2 f5 18. Nxe4 fxe4 19. Nd4 Nc5 20. Nb5 Bf4 21. g3 a6 22. gxf4 axb5 23. Be5 Rac8 24. Rfe1 bxc4 25. bxc4 Kh7 26. Kg2 Rf5 27. Rad1 g5 28. d6 c6 29. d7 Rd8 30. Bc7 Rxd7 31. Rxd7+ Nxd7 32. Rxe4 Nc5 33. Re7+ Kg6 34. Bxb6 gxf4 35. Bxc5 Rxc5 36. Re4 Ra5 37. Rxf4 Rxa2 38. Rd4 Kg5 39. Kg3 h5 40. Rd6 Ra6 41. h4+ Kf5 42. Rh6 Ra3+ 43. f3 Ra4 44. Rxh5+ Kg6 45. Rc5 Ra6 46. Kg4 1-0

[Event "Niedersachsen-ch op C"]
[Site "Verden"]
[Date "2018.01.07"]
[Round "7"]
[White "Von Knobloch, Tizian"]
[Black "Fink, Anton"]
[Result "1-0"]
[WhiteElo "1175"]
[BlackElo "1293"]
[PlyCount "87"]
[EventDate "2018.01.04"]
[EventType "swiss"]
[EventRounds "7"]
[EventCountry "GER"]
[SourceTitle "EXT 2022"]
[Source "ChessBase"]
[SourceDate "2021.10.06"]
[SourceVersion "1"]
[SourceVersionDate "2021.10.06"]
[SourceQuality "1"]

1. Nf3 Nc6 2. b3 e5 3. d3 Nf6 4. Bb2 d6 5. c4 Bg4 6. e3 Qd7 7. Be2 0-0-0 8. Nc3 Be7 9. Ng5 Bxe2 10. Qxe2 Rhf8 11. 0-0 h6 12. Nf3 g5 13. Nd2 h5 14. f3 g4 15. e4 Nd4 16. Qd1 Rg8 17. f4 exf4 18. Rxf4 h4 19. Nd5 Nxd5 20. exd5 Nf3+ 21. Nxf3 gxf3 22. Qxf3 h3 23. g3 f6 24. Bxf6 Bxf6 25. Rxf6 Qg7 26. Rf1 Kb8 27. b4 b6 28. a4 Qg4 29. Qxg4 Rxg4 30. R6f4 Rxf4 31. Rxf4 a6 32. Kf2 Re8 33. g4 Kb7 34. Kg3 Re3+ 35. Rf3 Re5 36. b5 a5 37. Kxh3 Kc8 38. Kh4 Kd8 39. g5 Ke7 40. Kh5 Re2 41. h4 Ra2 42. g6 Rg2 43. Kh6 Rg4 44. h5 1-0

[Event "Niedersachsen-ch op C"]
[Site "Verden"]
[Date "2018.01.06"]
[Round "6"]
[White "Fink, Anton"]
[Black "Detjen, Mattes"]
[Result "1-0"]
[WhiteElo "1293"]
[BlackElo "974"]
[PlyCount "57"]
[EventDate "2018.01.04"]
[EventType "swiss"]
[EventRounds "7"]
[EventCountry "GER"]
[SourceTitle "EXT 2022"]
[Source "ChessBase"]
[SourceDate "2021.10.06"]
[SourceVersion "1"]
[SourceVersionDate "2021.10.06"]
[SourceQuality "1"]

1. e4 e5 2. Nf3 Nc6 3. Bc4 Bc5 4. d3 Nf6 5. Nc3 h6 6. Be3 Bb6 7. Qd2 d6 8. h3 Be6 9. Bb3 Qd7 10. 0-0 0-0-0 11. Bxb6 axb6 12. Rfe1 d5 13. exd5 Nxd5 14. Nxd5 Bxd5 15. Nxe5 Nxe5 16. Rxe5 Bc6 17. a4 Qd6 18. Ree1 Qg6 19. g3 Qh5 20. Kh2 Bd7 21. g4 Qg6 22. Qf4 f6 23. a5 bxa5 24. Rxa5 Be8 25. Be6+ Kb8 26. Rea1 b6 27. Ra8+ Kb7 28. Qf3+ Bc6 29. R1a7# 1-0

[Event "Niedersachsen-ch op C"]
[Site "Verden"]
[Date "2018.01.06"]
[Round "5"]
[White "Marzik, Arne"]
[Black "Fink, Anton"]
[Result "1-0"]
[WhiteElo "1134"]
[BlackElo "1293"]
[PlyCount "67"]
[EventDate "2018.01.04"]
[EventType "swiss"]
[EventRounds "7"]
[EventCountry "GER"]
[SourceTitle "EXT 2022"]
[Source "ChessBase"]
[SourceDate "2021.10.06"]
[SourceVersion "1"]
[SourceVersionDate "2021.10.06"]
[SourceQuality "1"]

1. d4 d5 2. Nf3 Nf6 3. g3 Nc6 4. Bg2 Bf5 5. c4 e6 6. 0-0 Be7 7. Nc3 0-0 8. Qb3 dxc4 9. Qxb7 Nxd4 10. Nxd4 Qxd4 11. Qxc7 Bd6 12. Qa5 Rad8 13. Be3 Qe5 14. Qxa7 Bb8 15. Qa6 Ng4 16. Bf4 Qc5 17. h3 Bxf4 18. hxg4 Bxg3 19. gxf5 exf5 20. e3 Bb8 21. Rad1 Qe5 22. Rfe1 Rd6 23. Rxd6 Bxd6 24. Qxc4 Qh2+ 25. Kf1 Re8 26. Rd1 Qe5 27. Qc6 Bc5 28. Rd5 Qb8 29. Rxc5 Qd8 30. Qc7 Qd3+ 31. Ke1 Rd8 32. Rd5 Rxd5 33. Bxd5 Qxd5 34. Qc8+ 1-0

[Event "Niedersachsen-ch op C"]
[Site "Verden"]
[Date "2018.01.05"]
[Round "4"]
[White "Fink, Anton"]
[Black "Kieselbach, Marvin"]
[Result "0-1"]
[WhiteElo "1293"]
[BlackElo "1425"]
[PlyCount "85"]
[EventDate "2018.01.04"]
[EventType "swiss"]
[EventRounds "7"]
[EventCountry "GER"]
[SourceTitle "EXT 2022"]
[Source "ChessBase"]
[SourceDate "2021.10.06"]
[SourceVersion "1"]
[SourceVersionDate "2021.10.06"]
[SourceQuality "1"]

1. e4 c6 2. d4 d5 3. e5 Bf5 4. Nf3 e6 5. Nc3 c5 6. Be3 cxd4 7. Nxd4 Bg6 8. Bb5+ Nd7 9. Qd2 a6 10. Bg5 Ne7 11. Bxd7+ Qxd7 12. 0-0-0 Nc6 13. Nb3 Nxe5 14. Qd4 Nc6 15. Qb6 Rc8 16. Rhe1 Be7 17. Bxe7 Nxe7 18. h3 Rc6 19. Qd4 0-0 20. Re3 Nf5 21. Qg4 Nxe3 22. fxe3 Rfc8 23. Nd4 Rc4 24. Rd2 b5 25. e4 dxe4 26. Nxe4 f5 27. Nxf5 exf5 28. Nf6+ gxf6 29. Qxc4+ Rxc4 30. Rxd7 f4 31. c3 Be4 32. Rd6 Rc6 33. Rd4 f5 34. Rd8+ Kg7 35. Rd4 Rg6 36. Rd7+ Kh6 37. Kd1 Rxg2 38. Rd6+ Rg6 39. Rd4 f3 40. Ke1 Kh5 41. Rd7 h6 42. Rh7 Kh4 43. Rxh6+ 0-1